Микротвердость валиков из бронзы ПГ-19М-01, нанесенных как составляющая мултимодального покрытия методом лазерной наплавки; Инновационные технологии в машиностроении
| Parent link: | Инновационные технологии в машиностроении.— 2018.— [С. 96-101] |
|---|---|
| Hoofdauteur: | |
| Coauteur: | |
| Andere auteurs: | , |
| Samenvatting: | Заглавие с экрана В статье рассматриваются преимущества лазерной наплавки и возможности использования лазерной наплавки для создания мультимодальных покрытий из разнородных металлических материалов. Приведены результаты исследований микротвердости в поперечном сечении наплавленных валиков из алюминиевой бронзы. Показано влияние скорости лазерной наплавки на микротвердость в наплавленных валиках. The advantages and the capabilities of laser cladding are analyses for used laser cladding for applying multimodal coatings from heterogeneous metal work materials. Results of microhardness investigations in cross section of cladding tracks from Al-bronze are exhibited. The influence of cladding velocity on microhardness are examined. |
| Taal: | Russisch |
| Gepubliceerd in: |
2018
|
| Reeks: | Инновационные технологии получения и обработки материалов в машиностроении |
| Onderwerpen: | |
| Online toegang: | http://earchive.tpu.ru/handle/11683/50125 |
| Formaat: | Elektronisch Hoofdstuk |
| KOHA link: | https://koha.lib.tpu.ru/cgi-bin/koha/opac-detail.pl?biblionumber=627217 |
MARC
| LEADER | 00000naa2a2200000 4500 | ||
|---|---|---|---|
| 001 | 627217 | ||
| 005 | 20231102024247.0 | ||
| 035 | |a (RuTPU)RU\TPU\conf\26941 | ||
| 035 | |a RU\TPU\conf\26939 | ||
| 090 | |a 627217 | ||
| 100 | |a 20180821d2018 k y0rusy50 ca | ||
| 101 | 0 | |a rus |d eng | |
| 102 | |a RU | ||
| 105 | |a y z 101zy | ||
| 135 | |a drcn ---uucaa | ||
| 181 | 0 | |a i | |
| 182 | 0 | |a b | |
| 200 | 1 | |a Микротвердость валиков из бронзы ПГ-19М-01, нанесенных как составляющая мултимодального покрытия методом лазерной наплавки |f О. Г. Девойно, Н. И. Луцко, А. С. Лапковский | |
| 203 | |a Текст |c электронный | ||
| 225 | 1 | |a Инновационные технологии получения и обработки материалов в машиностроении | |
| 230 | |a 1 компьютерный файл (pdf; 976 Kb) | ||
| 300 | |a Заглавие с экрана | ||
| 320 | |a [Библиогр.: с. 101 (5 назв.)] | ||
| 330 | |a В статье рассматриваются преимущества лазерной наплавки и возможности использования лазерной наплавки для создания мультимодальных покрытий из разнородных металлических материалов. Приведены результаты исследований микротвердости в поперечном сечении наплавленных валиков из алюминиевой бронзы. Показано влияние скорости лазерной наплавки на микротвердость в наплавленных валиках. | ||
| 330 | |a The advantages and the capabilities of laser cladding are analyses for used laser cladding for applying multimodal coatings from heterogeneous metal work materials. Results of microhardness investigations in cross section of cladding tracks from Al-bronze are exhibited. The influence of cladding velocity on microhardness are examined. | ||
| 463 | 0 | |0 (RuTPU)RU\TPU\conf\26327 |t Инновационные технологии в машиностроении |o сборник трудов IX Международной научно-практической конференции, 24–26 мая 2018 г., Юрга |f Национальный исследовательский Томский политехнический университет (ТПУ), Юргинский технологический институт (ЮТИ) ; под ред. Д. А. Чинахова |v [С. 96-101] |d 2018 | |
| 610 | 1 | |a электронный ресурс | |
| 610 | 1 | |a микротвердость | |
| 610 | 1 | |a бронза | |
| 610 | 1 | |a покрытия | |
| 610 | 1 | |a лазерная наплавка | |
| 610 | 1 | |a металлические материалы | |
| 610 | 1 | |a алюминиевая бронза | |
| 700 | 1 | |a Девойно |b О. Г. | |
| 701 | 1 | |a Луцко |b Н. И. | |
| 701 | 1 | |a Лапковский |b А. С. | |
| 712 | 0 | 2 | |a Белорусский национальный технический университет |2 stltpush |3 (RuTPU)RU\TPU\col\6022 |9 24202 |
| 801 | 2 | |a RU |b 63413507 |c 20180824 |g RCR | |
| 856 | 4 | |u http://earchive.tpu.ru/handle/11683/50125 | |
| 942 | |c BK | ||